000 01055nam a2200277 i 4500
001 185116
003 SpMaBN
005 20251207063034.0
008 160322s1988 sp |||| | spa d
020 _a84-206-0311-2
080 _a502(8=60)
080 _a908(8=60)
100 1 _aCárdenas, Juan de,
_d1563-1609
_9158053
245 1 0 _aProblemas y secretos maravillosos de las Indias /
_cJuan de Cárdenas ; introducción y notas de Ángeles Durán.
260 _aMadrid :
_bAlianza Editorial,
_c[1988]
300 _a282 p. ;
_c18 cm.
490 1 _aEl Libro de bolsillo ;
_v1311. Clásicos del Descubrimiento
500 _aGlosario.
596 _aEn port.: 1492-1992, Quinto Centenario.
650 _aNaturaleza-
_zAmérica española.
_915477
651 _aAmérica española-
_xDescripción.
_9151191
700 1 _aDurán Ramas, María Ángeles,
_d1940-
_9159189
830 0 3 _aEl libro de bolsillo
_v1311. Clásicos del Descubrimiento
_9177802
852 _aES-MaACL
_jL-30290
_z. - Donat. Miguel A. Velasco
999 _c185116
_d185116